000 00569nam a2200217Ia 4500
005 20241129120325.0
008 241129s9999||||xx |||||||||||||| ||und||
020 _a9789352211159
037 _aTB
040 _aSDCL
_beng
_cSDCL
041 _ahin
_2hin
084 _aO152,1N18:g R3
_qSDCL
100 _aSharma Devendra Nath
_9403641
245 0 _aKavya Ke Tatva
260 _aDelhi
_bLokbharti Prakashan India
_c2023
300 _a160p
365 _aINR
_b275
650 _aHindi
942 _cTB
_hO152,1N18:g R3
999 _c1234335
_d1234335